MDQL
is popping MORE tags! Check the
thread
!
Quizzes
Events
Quiz Creation
Community
Videos
Private Events
Remove Ads
Sign In
Join for FREE
Feedback
Dark Mode
Quiz Categories
Sports
Geography
Music
Movies
Television
Just For Fun
Miscellaneous
History
Literature
Language
Science
Gaming
Entertainment
Religion
Holiday
For Kids
Quiz Lab
Recent
Popular Today
Quiz Kudos Today
Editor Picks
Curator Picks
Quizzes by...
Day
Popularity
Type
Ratings
Length
Year
Community
Subscriptions
Recent Discussions
Orange Saloon
Badges
Playlists
Quests
Create
Leaderboards
Showdown
Live 5
Trivia Bingo
Activity
Puzzle Library
Sporcle Events
Private Events
Virtual Trivia
Globe League
Become a Host
Pub Owners
SporcleCon
Opinionation
Our Games
Videos
Blog
Mobile Apps
Partnerships
Remove Ads and Go Orange
Feedback
Miscellaneous
Crossword
General Knowledge
Baby Names
Logo
Food
Cars
Numbers
Grab Bag
University
College
Popular
Company
Slogans
Restaurants
Justice
Letter
Miscellaneous
Crossword
General Knowledge
Baby Names
Logo
Food
Cars
Numbers
Grab Bag
University
College
Popular
Company
Slogans
Restaurants
Justice
Letter
Random Quiz
Search Sporcle
×
Quiz Lab
Quiz Lab
Miscellaneous
United States
Type in answers that appear in a list
Type in answers that appear in a list
Classic
Best Score? Go Orange.
Largest Airport Per State Stats
Can you name the largest airport per US state, by total amount of enplanements?
By
21_Guns
10m
50 Questions
477 Plays
477 Plays
477 Plays
Comments
Comments
Give Quiz Kudos
Give Quiz Kudos
-
- Ratings
hide this ad
More Info
Replay
Link that replays current quiz
Next Quiz
Link to next quiz in quiz playlist
You Got
0%
They Got
Avg Score
80%
Avg Friend Score
Upgrade to see
Score Distribution
Jump to the score distribution portion of the page
Score
0/50
Timer
10:00
0
Plays Today
State
Airport
% Correct
California
Los Angeles International Airport
96.2%
Colorado
Denver International Airport
95%
Alaska
Ted Stevens Anchorage International Airport
94.3%
Arizona
Phoenix Sky Harbor International Airport
94.3%
Georgia
Hartsfield-Jackson Atlanta International Airport
93.9%
Illinois
Chicago O'Hare International Airport
93.3%
New York
John F. Kennedy International Airport
93.1%
Hawaii
Honolulu International Airport
92.4%
Massachusetts
General Edward Lawrence Logan International Airport
92.2%
Texas
Dallas/Fort Worth International Airport
91.2%
Michigan
Detroit Metropolitan Wayne County Airport
91%
Nevada
McCarran International Airport
91%
North Carolina
Charlotte/Douglas International Airport
90.8%
Minnesota
Minneapolis-St. Paul International Airport
90.5%
Oregon
Portland International Airport
90.5%
Indiana
Indianapolis International Airport
90.1%
New Jersey
Newark Liberty International Airport
90.1%
Pennsylvania
Philadelphia International Airport
89.9%
Washington
Seattle-Tacoma International Airport
89.7%
Florida
Orlando International Airport
89.3%
Louisiana
Louis Armstrong New Orleans International Airport
89.1%
Maryland
Baltimore/Washington International Thurgood Marshall Airport
89.1%
Utah
Salt Lake City International Airport
88.9%
Ohio
Cleveland-Hopkins International Airport
87.8%
Arkansas
Bill and Hillary Clinton National Airport
87.6%
State
Airport
% Correct
Idaho
Boise Airport
87.2%
Maine
Portland International Jetport
85.9%
Missouri
Lambert-St. Louis International Airport
85.5%
Alabama
Birmingham-Shuttlesworth International Airport
85.3%
Tennessee
Memphis International Airport
84.2%
Iowa
Des Moines International Airport
83.2%
New Mexico
Albuquerque International Sunport
82.6%
South Carolina
Charleston International Airport
80.5%
Nebraska
Eppley Airfield
80%
Mississippi
Jackson-Evers International Airport
79.2%
Wyoming
Jackson Hole Airport
78.6%
Virginia
Washington Dulles International Airport
78.2%
North Dakota
Hector International Airport
72.1%
Kansas
Wichita Dwight D. Eisenhower National Airport
69.7%
Kentucky
Cincinnati/Northern Kentucky International Airport
68.5%
Delaware
Wilmington Airport
68.3%
New Hampshire
Manchester-Boston Regional Airport
67.9%
Vermont
Burlington International Airport
67.4%
South Dakota
Sioux Falls Regional Airport
62.2%
Oklahoma
Will Rogers World Airport
61.6%
Rhode Island
Theodore Francis Green State Airport
56.5%
Montana
Bozeman Yellowstone International Airport
53.4%
Connecticut
Bradley International Airport
46.2%
Wisconsin
General Mitchell International Airport
42.2%
West Virginia
Yeager Airport
21.2%
Quiz Playlist
Details
Report
Send in Message
Add To Playlist
More Info:
Data current as of 2013-2014. IATA Airport codes accepted in addition to airport name.
Classic:
Type in answers that appear in a list
Quiz Source
Last Updated: Apr 7, 2018
Quiz Scoreboard
CHALLENGE
Sign Up to Join the Scoreboard
Show All
Scores
Hide
Comments
May contain spoilers
Recently Published
Image Sorting: Flags VI
by Barbecue
Geography
2m
Find the 'City' Movie
by crazypaving
Movies
60s
Colored Red Africa Blitz
by spor1
Geography
45s
More to Explore
Quiz From the Vault
Featured Blog Post
14 Easter Pick-up Lines to Find Eggs With
hide this ad
You Might Also Like...
Tags
United States Quiz
airport
Airport City
Busiest Airports
Commercial Airports
International Airport
National Airport
Per State
US Airport
Today's Top Quizzes in Miscellaneous
Browse Miscellaneous
hide this ad
Today's Top Quizzes in United States
Browse United States
Top Contributed Quizzes in Miscellaneous
1
The JOE quick-fire general knowledge quiz: Day 174
2
5-to-1: Fast Food
3
9x9 Crossword: Disney Movie Titles
4
9x9 Crossword: Charlie and the Chocolate Factory
5
The JOE quick-fire general knowledge quiz: Day 173
6
9x9 Crossword: Actors
7
9x9 Crossword: 2022 Movies
8
9x9 Crossword: The Simpsons
9
9x9 Crossword: Flags
10
9x9 Crossword: Pixar Movie Titles
Explore More
Trending Topics
Crossword
NBA
Harry Potter
Anime
Disney
Kpop
Marvel
Country
WWE
The Office
NFL
Puzzle
Soccer
Song
Pokémon
hide this ad
More By:
21_Guns
Quiz
Plays
Rating
Category
Featured
Created
Game of Thrones House Profiles
87,952
4.64
Literature
Oct 1, 2012
Assassin's Creed Games
42,200
4.32
Gaming
Sep 6, 2011
Formula 1: Living or Dead?
2,234
3.67
Sports
Jan 22, 2019
Members of the 'Game of Thrones' Houses
2,130
4.13
Literature
Oct 21, 2012
US Cities On a Map From Space
2,074
4.67
Geography
Oct 21, 2013
Go to Creator's Profile
Score Distribution
Quiz Creator Spotlight
21_Guns
Follow
Send a Message
Quizzes Created
-
Created Quiz Play Count
-
More By This Creator
Popular Quizzes Today
1
Colored Red Africa Blitz
2
Find the US States - No Outlines Minefield
3
Find the 'City' Movie
4
5x2 Blitz: Bands
5
The Countries of the World
6
Find the US States
7
Find the Countries of Europe - No Outlines Minefield
8
US States
More Miscellaneous Quizzes
One by One: Miscellaneous
Quiz Lab
Trending Quizzes
Colored Red Europe Blitz I
Colored Red Europe Blitz II
Colored Red Africa Blitz II
Colored Red Europe Blitz III
Colored Red Africa Blitz III
Recently Updated
How Do You Spell That?
pecheneg
Godzilla Movies
pecheneg
Grab Bag: 4-10 Letters
pecheneg
2024 March Madness Bracket
pecheneg
Famous TV Couples
Peacemaker
Champions League XIs: Real Madrid
pecheneg
Largest US Cities 1790-2010
pecheneg
Rides in Walt Disney World
pecheneg
Most Oscar Losses (Acting)
pecheneg
Beyoncé Albums
pecheneg
Trending Topics
NBA
Kpop
Marvel
Crossword
Disney
Anime
Harry Potter
Soccer
NFL
The Office
Country
WWE
Pokémon
Puzzle
Song
Your Account Isn't Verified!
In order to create a playlist on Sporcle, you need to verify the email address you used during registration. Go to your
Sporcle Settings
to finish the process.
Report this User
Report this user for behavior that violates our
Community Guidelines
.
Details:
Send Report
Go to the Sporcle.com Mobile Site →
Comments